[Event "Oviedo op 8th"]
[Site "Oviedo"]
[Date "2022.07.20"]
[Round "6"]
[White "Beltran Ortiz, Edda Georgina"]
[Black "Kondrashov, Ivan V"]
[Result "1/2-1/2"]
[WhiteElo "1663"]
[BlackElo "1425"]
[PlyCount "132"]
[EventDate "2022.07.17"]
[EventType "swiss"]
[EventRounds "9"]
[EventCountry "ESP"]
[SourceTitle "CBM 209 Extra"]
[Source "ChessBase"]
[SourceDate "2022.09.30"]
[SourceVersion "1"]
[SourceVersionDate "2022.09.30"]
[SourceQuality "1"]

1. e4 c6 2. d4 d5 3. f3 e6 4. Nc3 Bb4 5. Bf4 Ne7 6. Nge2 Ng6 7. Bg3 0-0 8. a3 Ba5 9. Qd2 Bc7 10. e5 Nd7 11. f4 Ne7 12. Bf2 b6 13. Ng3 a5 14. Bd3 Ba6 15. 0-0 Bxd3 16. Qxd3 g6 17. Be3 Nf5 18. Nxf5 exf5 19. b4 axb4 20. axb4 b5 21. Ne2 Qc8 22. Qc3 Qb7 23. Bf2 h6 24. Bh4 Kg7 25. Ng3 Rxa1 26. Rxa1 Ra8 27. Re1 Re8 28. Bf6+ Kh7 29. Bh4 Kg7 30. Qd3 Nf8 31. Bf6+ Kh7 32. Nxf5 gxf5 33. Qxf5+ Ng6 34. Bh4 Bb6 35. c3 Bd8 36. Bxd8 Rxd8 37. Qf6 Qe7 38. Qxc6 Nxf4 39. Rf1 Qg5 40. g3 Ne2+ 41. Kg2 Qg6 42. Qxg6+ Kxg6 43. Rf6+ Kg7 44. Rc6 Ra8 45. Rc5 Ra3 46. Rxd5 Nxc3 47. Rc5 Rb3 48. d5 Nxd5 49. Rxd5 Rxb4 50. Kf3 Kg6 51. Rd6+ Kf5 52. Rxh6 Kxe5 53. Rb6 Rb1 54. h4 b4 55. h5 b3 56. Kg4 f5+ 57. Kg5 b2 58. h6 Rg1 59. Rxb2 Rxg3+ 60. Kh4 Rg1 61. Rb6 Rh1+ 62. Kg3 Rh5 63. Kf3 Rh3+ 64. Kg2 Rh5 65. Kg3 Rh1 66. Ra6 Rh5 1/2-1/2

[Event "Las Palmas Montalvo Memorial 11th"]
[Site "Las Palmas"]
[Date "2018.03.25"]
[Round "2"]
[White "Beltran Ortiz, Edda Georgina"]
[Black "Barski, Radoslaw"]
[Result "0-1"]
[WhiteElo "1922"]
[BlackElo "2432"]
[PlyCount "70"]
[EventDate "2018.03.24"]
[EventType "swiss"]
[EventRounds "9"]
[EventCountry "ESP"]
[SourceTitle "CBM 183 Extra"]
[Source "ChessBase"]
[SourceDate "2018.04.19"]
[SourceVersion "1"]
[SourceVersionDate "2018.04.19"]
[SourceQuality "1"]

1. e4 c5 2. Nf3 Nc6 3. d4 cxd4 4. Nxd4 e6 5. Nc3 Qc7 6. Be3 Nf6 7. Be2 a6 8. 0-0 Be7 9. Kh1 b5 10. a3 Bb7 11. f4 d6 12. Nxc6 Bxc6 13. Bf3 0-0 14. Qd4 Nd7 15. Rad1 a5 16. b4 Rfc8 17. Qd3 Nb6 18. Nxb5 Bxb5 19. Qxb5 Nc4 20. Bc1 Rcb8 21. Qh5 axb4 22. axb4 Rxb4 23. f5 e5 24. Be2 Bf6 25. Rd3 Ra1 26. g4 Rbb1 27. Rdd1 h6 28. g5 hxg5 29. Bxg5 Rxd1 30. Rxd1 Rxd1+ 31. Bxd1 Qa5 32. Kg2 Qe1 33. Bf3 Bxg5 34. Qxg5 Nd2 35. f6 Qf1+ 0-1

[Event "Las Palmas Montalvo Memorial 11th"]
[Site "Las Palmas"]
[Date "2018.03.24"]
[Round "1"]
[White "Roque Hernandez, Francisco"]
[Black "Beltran Ortiz, Edda Georgina"]
[Result "0-1"]
[WhiteElo "1285"]
[BlackElo "1922"]
[PlyCount "76"]
[EventDate "2018.03.24"]
[EventType "swiss"]
[EventRounds "9"]
[EventCountry "ESP"]
[SourceTitle "CBM 183 Extra"]
[Source "ChessBase"]
[SourceDate "2018.04.19"]
[SourceVersion "1"]
[SourceVersionDate "2018.04.19"]
[SourceQuality "1"]

1. d4 c5 2. d5 Nf6 3. c4 b5 4. b3 Bb7 5. f3 g6 6. Bb2 Bg7 7. e4 bxc4 8. bxc4 Qb6 9. Qb3 d6 10. Nc3 0-0 11. Rb1 Nbd7 12. Be2 Rfb8 13. Qc2 Qa5 14. Ba1 Ba6 15. Kf2 Rxb1 16. Nxb1 Ng4+ 17. fxg4 Bxa1 18. Nf3 Ne5 19. Nxe5 Bd4+ 20. Kf3 Bxe5 21. Nd2 Qa3+ 22. Nb3 Rb8 23. h4 Rb4 24. Rd1 Ra4 25. g5 Qxa2 26. Qxa2 Rxa2 27. g4 Ra3 28. Rb1 Bc8 29. h5 gxh5 30. gxh5 Kg7 31. Kf2 Bf4 32. g6 hxg6 33. hxg6 fxg6 34. Rb2 Kf6 35. Bd1 Bd7 36. Kf3 g5 37. Be2 Ke5 38. Bd3 a5 0-1

[Event "Azores op 4th"]
[Site "Ponta Delgada"]
[Date "2017.12.08"]
[Round "2"]
[White "Beltran Ortiz, Edda Georgina"]
[Black "Veiga, Jose Francisco RP"]
[Result "1-0"]
[WhiteElo "1927"]
[BlackElo "2240"]
[PlyCount "97"]
[EventDate "2017.12.07"]
[EventType "swiss"]
[EventRounds "7"]
[EventCountry "POR"]
[SourceTitle "CBM 182 Extra"]
[Source "ChessBase"]
[SourceDate "2018.02.23"]
[SourceVersion "1"]
[SourceVersionDate "2018.02.23"]
[SourceQuality "1"]

1. e4 c5 2. Nf3 Nc6 3. d4 cxd4 4. Nxd4 g6 5. Nc3 Bg7 6. Be3 Nf6 7. Be2 0-0 8. Qd2 d6 9. f3 Bd7 10. 0-0-0 Rc8 11. Kb1 Ne5 12. Bh6 Bh8 13. g4 Nc4 14. Bxc4 Rxc4 15. Nf5 Bxf5 16. gxf5 Rxc3 17. Bxf8 Rxf3 18. fxg6 hxg6 19. Qg2 Re3 20. Bh6 Rxe4 21. h4 Qb6 22. Bc1 Re5 23. Rde1 Nh5 24. Rxe5 Bxe5 25. Rf1 Bf6 26. Qg4 Qd4 27. Qc8+ Kg7 28. Qxb7 Ng3 29. Re1 Qf2 30. Re3 Ne2 31. Rxe2 Qxe2 32. Qxa7 Bxh4 33. Qe3 Qxe3 34. Bxe3 g5 35. a4 g4 36. a5 f5 37. a6 f4 38. Bg1 f3 39. a7 g3 40. a8Q f2 41. Bxf2 gxf2 42. Qf3 e5 43. b4 e4 44. Qg4+ Kf7 45. Qf5+ Kg7 46. Kc1 e3 47. Kd1 Bf6 48. Ke2 d5 49. Kxe3 1-0

[Event "Azores op 4th"]
[Site "Ponta Delgada"]
[Date "2017.12.07"]
[Round "1"]
[White "Oliveira, Daniela Sousa"]
[Black "Beltran Ortiz, Edda Georgina"]
[Result "0-1"]
[WhiteElo "1111"]
[BlackElo "1927"]
[PlyCount "120"]
[EventDate "2017.12.07"]
[EventType "swiss"]
[EventRounds "7"]
[EventCountry "POR"]
[SourceTitle "CBM 182 Extra"]
[Source "ChessBase"]
[SourceDate "2018.02.23"]
[SourceVersion "1"]
[SourceVersionDate "2018.02.23"]
[SourceQuality "1"]

1. e4 c5 2. Nc3 e6 3. Nf3 Nc6 4. Bc4 a6 5. a3 b5 6. Bb3 Qc7 7. d3 Nf6 8. Be3 Be7 9. h3 Bb7 10. 0-0 0-0 11. Qd2 Rac8 12. Bf4 d6 13. Rfe1 Nd4 14. Qd1 Nxb3 15. cxb3 Rfd8 16. e5 Nd5 17. Nxd5 Bxd5 18. Rc1 Qb7 19. Re3 dxe5 20. Bxe5 Bxf3 21. Qxf3 Qxf3 22. Rxf3 Rd5 23. Bc3 Rcd8 24. Ba5 R8d7 25. Bb6 Rb7 26. Ba5 Rbd7 27. Rc3 Bf6 28. Rc2 h6 29. b4 cxb4 30. Bxb4 Rxd3 31. Rxd3 Rxd3 32. Bc3 Bxc3 33. Rxc3 Rxc3 34. bxc3 Kf8 35. Kf1 Ke7 36. Ke2 Kd6 37. Ke3 Kd5 38. Kd3 e5 39. f3 f5 40. g4 g6 41. Ke3 Kc4 42. gxf5 gxf5 43. f4 e4 44. h4 Kxc3 45. h5 a5 46. Ke2 Kc2 47. Ke3 b4 48. axb4 axb4 49. Kd4 b3 50. Ke5 b2 51. Kxf5 b1Q 52. Kxe4 Kc3+ 53. Ke5 Qb5+ 54. Ke4 Qxh5 55. Ke3 Qf5 56. Kf3 Kd3 57. Kg3 Ke3 58. Kg2 Qg4+ 59. Kf1 Qg3 60. f5 Qf2# 0-1

[Event "ESP-ch (Women)"]
[Site "Linares"]
[Date "2017.08.26"]
[Round "8"]
[White "De la Fuente de la Fuente, Alba"]
[Black "Beltran Ortiz, Edda Georgina"]
[Result "0-1"]
[WhiteElo "1322"]
[BlackElo "1906"]
[PlyCount "84"]
[EventDate "2017.08.21"]
[EventType "swiss"]
[EventRounds "9"]
[EventCountry "ESP"]
[SourceTitle "CBM 180 Extra"]
[Source "ChessBase"]
[SourceDate "2017.10.06"]
[SourceVersion "1"]
[SourceVersionDate "2017.10.06"]
[SourceQuality "1"]

1. e4 c5 2. Nc3 e6 3. f4 d6 4. Bb5+ Bd7 5. Bxd7+ Qxd7 6. Nf3 Nc6 7. 0-0 g6 8. d3 Bg7 9. Qe1 Nge7 10. Bd2 0-0 11. e5 dxe5 12. fxe5 Nxe5 13. Kh1 Nxf3 14. Rxf3 Nf5 15. Be3 Nxe3 16. Rxe3 b6 17. Rh3 Bxc3 18. Qxc3 Qd4 19. Qb3 Rad8 20. c3 Qf2 21. Rf3 Qe2 22. c4 Qe5 23. Qc2 Rd4 24. Raf1 f5 25. Qf2 Qf6 26. Re1 Rfd8 27. Qe2 R8d6 28. Re3 Kf7 29. a3 a5 30. Rb1 f4 31. Rf3 Qf5 32. Rd1 e5 33. Qd2 g5 34. b4 g4 35. bxc5 bxc5 36. Rff1 Qxd3 37. Qxd3 Rxd3 38. Rde1 Kf6 39. a4 Rb3 40. Re4 Kf5 41. Rfe1 Re6 42. R4e2 Rb4 0-1

[Event "Calvia Amateur op 12th"]
[Site "Calvia"]
[Date "2015.10.17"]
[Round "8"]
[White "Gaya Torrens, Miguel"]
[Black "Beltran Ortiz, Edda Georgina"]
[Result "0-1"]
[WhiteElo "1752"]
[BlackElo "1927"]
[PlyCount "80"]
[EventDate "2015.10.10"]
[EventType "swiss"]
[EventRounds "9"]
[EventCountry "ESP"]
[SourceTitle "EXT 2019"]
[Source "ChessBase"]
[SourceDate "2018.10.10"]
[SourceVersion "1"]
[SourceVersionDate "2018.10.10"]
[SourceQuality "1"]

1. d4 c5 2. d5 Nf6 3. c4 b5 4. cxb5 a6 5. b6 Qxb6 6. Nc3 g6 7. Nf3 d6 8. g3 Bg7 9. Bg2 0-0 10. 0-0 Bb7 11. e4 Nbd7 12. Qc2 Rab8 13. Re1 Rfe8 14. Rb1 Ng4 15. h3 Nge5 16. Nd2 c4 17. b3 Qd4 18. Ne2 Qd3 19. Qd1 c3 20. Nf4 c2 21. Nxd3 cxd1Q 22. Rxd1 Nxd3 23. Nc4 Nxc1 24. Rbxc1 Rec8 25. Bf1 Ba8 26. f4 Rc5 27. Kf2 a5 28. Rb1 f5 29. Bd3 fxe4 30. Bxe4 Nf6 31. Bf3 Bxd5 32. Bxd5+ Nxd5 33. Rbc1 Nc3 34. Re1 Kf7 35. Rc2 d5 36. Re5 Ne4+ 37. Ke3 dxc4 38. Rxe4 cxb3 39. Rxc5 b2 40. Rc7 Bf6 0-1

[Event "Figueira da Foz op 7th"]
[Site "Figueira da Foz"]
[Date "2010.11.05"]
[Round "7.14"]
[White "Beltran Ortiz, Edda Georgina"]
[Black "Guerreiro, Nuno M"]
[Result "0-1"]
[WhiteElo "1883"]
[BlackElo "2103"]
[PlyCount "138"]
[EventDate "2010.10.31"]
[EventType "swiss"]
[EventRounds "9"]
[EventCountry "POR"]
[SourceTitle "EXT 2011"]
[Source "ChessBase"]
[SourceDate "2010.11.26"]
[SourceVersion "1"]
[SourceVersionDate "2010.11.26"]
[SourceQuality "1"]

1. e4 Nc6 2. Nc3 e6 3. d4 d5 4. Be3 dxe4 5. Nxe4 Nf6 6. Bd3 Nd5 7. Nf3 Bb4+ 8. c3 Be7 9. Bg5 f5 10. Bxe7 Qxe7 11. Ng3 Bd7 12. Qd2 e5 13. dxe5 Nxe5 14. Nxe5 Qxe5+ 15. Qe2 Qxe2+ 16. Nxe2 0-0-0 17. 0-0-0 Rhe8 18. Rhe1 g6 19. Nd4 a6 20. g3 Nf6 21. f3 Nd5 22. Nc2 Bc6 23. Rxe8 Rxe8 24. Re1 Kd8 25. Rxe8+ Kxe8 26. Kd2 Nf6 27. Nd4 Bd5 28. c4 Bf7 29. Kc3 Kd7 30. b4 b6 31. a3 c5 32. Nc2 Kd6 33. Ne3 Be8 34. Kd2 Nd7 35. f4 Bf7 36. Nd1 Nf6 37. Nc3 Ng4 38. h3 Nf6 39. Ke3 Be8 40. Nd5 Nxd5+ 41. cxd5 Bb5 42. Bc2 cxb4 43. axb4 Kxd5 44. Bb3+ Bc4 45. Bc2 h6 46. g4 fxg4 47. hxg4 g5 48. Be4+ Kd6 49. fxg5 hxg5 50. Kd4 Be2 51. Bf5 a5 52. bxa5 bxa5 53. Ke3 Bb5 54. Bc2 Kd5 55. Bd1 a4 56. Kd2 Kd4 57. Kc2 a3 58. Kb1 Bc4 59. Ka1 Ke3 60. Bc2 Kf4 61. Bf5 Be2 62. Ka2 Bxg4 63. Bd3 Bh3 64. Be2 Bg4 65. Bf1 Kf3 66. Kxa3 Bf5 67. Kb2 g4 68. Kc3 Kg3 69. Kd2 Kf2 0-1

[Event "Figueira da Foz op 7th"]
[Site "Figueira da Foz"]
[Date "2010.11.04"]
[Round "6.22"]
[White "Babo, Miguel Carranca Fei"]
[Black "Beltran Ortiz, Edda Georgina"]
[Result "0-1"]
[WhiteElo "1925"]
[BlackElo "1883"]
[PlyCount "106"]
[EventDate "2010.10.31"]
[EventType "swiss"]
[EventRounds "9"]
[EventCountry "POR"]
[SourceTitle "EXT 2011"]
[Source "ChessBase"]
[SourceDate "2010.11.26"]
[SourceVersion "1"]
[SourceVersionDate "2010.11.26"]
[SourceQuality "1"]

1. d4 c5 2. d5 Nf6 3. c4 b5 4. Nd2 Qa5 5. e4 Nxe4 6. b4 Qxb4 7. Rb1 Qc3 8. Rb3 Qd4 9. Nxe4 Qxe4+ 10. Re3 Qg6 11. Bd3 Qb6 12. cxb5 Bb7 13. Bc4 d6 14. Nf3 Nd7 15. 0-0 f6 16. Bd2 g6 17. Qe1 Qd8 18. Ba5 Nb6 19. Qc3 Qd7 20. Bxb6 axb6 21. Qxf6 Rg8 22. Rfe1 0-0-0 23. Qh4 h6 24. Nd2 Qf5 25. Bb3 g5 26. Qc4 h5 27. Nf3 Kb8 28. Rc1 Qf6 29. Bc2 g4 30. Ne1 Bh6 31. Re6 Qf7 32. Rd1 Rdf8 33. Qe2 Bg5 34. Be4 Bf6 35. Bc2 Bd4 36. Nd3 Bxd5 37. Rxe7 Qf6 38. Rf1 Bc4 39. a4 Rf7 40. Rxf7 Qxf7 41. Qd2 Qf6 42. Rd1 Rf8 43. Nb4 Qxf2+ 44. Qxf2 Bxf2+ 45. Kh1 cxb4 46. h3 g3 47. Be4 Re8 48. Bf3 h4 49. a5 bxa5 50. b6 Bxb6 51. Rc1 Bc5 52. Be2 d5 53. Rf1 Be7 0-1

[Event "ESP-chT (Women)"]
[Site "Cortegana"]
[Date "2010.08.18"]
[Round "2"]
[White "Beltran Ortiz, Edda Georgina"]
[Black "Crespo Ramos, Maria"]
[Result "1/2-1/2"]
[WhiteElo "1878"]
[BlackElo "1692"]
[PlyCount "76"]
[EventDate "2010.08.17"]
[EventType "team-tourn"]
[EventRounds "7"]
[EventCountry "ESP"]
[SourceTitle "CBM 138 Extra"]
[Source "ChessBase"]
[SourceDate "2010.10.29"]
[SourceVersion "1"]
[SourceVersionDate "2010.10.29"]
[SourceQuality "1"]

1. e4 c5 2. Nf3 Nc6 3. d4 cxd4 4. Nxd4 e5 5. Nb5 a6 6. Nd6+ Bxd6 7. Qxd6 Qf6 8. Qxf6 Nxf6 9. Nc3 Nb4 10. Bd3 d5 11. 0-0 Be6 12. f4 exf4 13. Bxf4 dxe4 14. Nxe4 Nxd3 15. Nxf6+ gxf6 16. cxd3 Rc8 17. Rac1 0-0 18. b3 Kg7 19. Kf2 Rfd8 20. Rxc8 Rxc8 21. Rc1 Kg6 22. Rxc8 Bxc8 23. Ke3 Kf5 24. g3 Kg4 25. h4 Kf5 26. Kd4 Ke6 27. Kc5 Bd7 28. a4 Bc6 29. d4 Be4 30. b4 Bc6 31. b5 axb5 32. axb5 Bf3 33. Kb6 Be4 34. Kc5 Bf3 35. Bh6 Be4 36. Bg7 Bf3 37. Bh8 Be4 38. Bg7 Bf3 1/2-1/2

[Event "ESP-chT (Women)"]
[Site "Cortegana"]
[Date "2010.08.18"]
[Round "3"]
[White "Buiza Prieto, Eihartze"]
[Black "Beltran Ortiz, Edda Georgina"]
[Result "1/2-1/2"]
[WhiteElo "1766"]
[BlackElo "1878"]
[PlyCount "71"]
[EventDate "2010.08.17"]
[EventType "team-tourn"]
[EventRounds "7"]
[EventCountry "ESP"]
[SourceTitle "CBM 138 Extra"]
[Source "ChessBase"]
[SourceDate "2010.10.29"]
[SourceVersion "1"]
[SourceVersionDate "2010.10.29"]
[SourceQuality "1"]

1. e4 c5 2. Nf3 e6 3. d4 cxd4 4. Nxd4 Nc6 5. Be2 Nf6 6. Nc3 Qc7 7. Be3 a6 8. 0-0 Be7 9. a3 b5 10. Nxc6 dxc6 11. f4 0-0 12. Bf3 Bb7 13. Qd2 Rfd8 14. Qf2 c5 15. Rad1 Rac8 16. Rxd8+ Rxd8 17. h3 Rd7 18. g4 b4 19. g5 bxc3 20. gxf6 Bxf6 21. e5 Be7 22. Bxb7 Qxb7 23. b3 c4 24. b4 a5 25. Bc5 axb4 26. axb4 Bxc5 27. Qxc5 Qa7 28. Qxa7 Rxa7 29. Rf3 Rb7 30. Rxc3 Rxb4 31. Kf2 g6 32. Ke3 Rb1 33. Kd4 Rf1 34. Ke3 Re1+ 35. Kd4 Rf1 36. Ke3 1/2-1/2

[Event "ESP-chT (Women)"]
[Site "Cortegana"]
[Date "2010.08.17"]
[Round "1"]
[White "Vega Gutierrez, Sabrina Neide"]
[Black "Beltran Ortiz, Edda Georgina"]
[Result "1-0"]
[WhiteElo "2373"]
[BlackElo "1878"]
[PlyCount "73"]
[EventDate "2010.08.17"]
[EventType "team-tourn"]
[EventRounds "7"]
[EventCountry "ESP"]
[SourceTitle "CBM 138 Extra"]
[Source "ChessBase"]
[SourceDate "2010.10.29"]
[SourceVersion "1"]
[SourceVersionDate "2010.10.29"]
[SourceQuality "1"]

1. e4 c5 2. Nf3 Nc6 3. d4 cxd4 4. Nxd4 e5 5. Nb5 d6 6. N1c3 a6 7. Na3 b5 8. Nd5 Nge7 9. c4 Nd4 10. Bg5 h6 11. Bxe7 Bxe7 12. Bd3 Be6 13. cxb5 Bxd5 14. exd5 0-0 15. 0-0 Qa5 16. bxa6 Qxd5 17. Nb5 Rfc8 18. Re1 Qc5 19. Nxd4 Qxd4 20. Be4 Qxd1 21. Rexd1 Ra7 22. Bb7 Rc2 23. b4 d5 24. b5 Bc5 25. Rxd5 Bxf2+ 26. Kf1 Rb2 27. a4 Bd4 28. Rd8+ Kh7 29. Be4+ g6 30. Rb1 Rf2+ 31. Ke1 Rf6 32. Rxd4 exd4 33. Bb7 Re6+ 34. Kd2 Re7 35. b6 Raxb7 36. axb7 Rxb7 37. a5 1-0

[Event "Figueira da Foz op 6th"]
[Site "Figueira da Foz"]
[Date "2009.12.03"]
[Round "6"]
[White "Costa, Joao Guerra"]
[Black "Beltran Ortiz, Edda Georgina"]
[Result "1/2-1/2"]
[WhiteElo "2222"]
[BlackElo "1901"]
[PlyCount "47"]
[EventDate "2009.11.27"]
[EventType "swiss"]
[EventRounds "9"]
[EventCountry "POR"]
[SourceTitle "CBM 133 Extra"]
[Source "ChessBase"]
[SourceDate "2010.01.05"]
[SourceVersion "1"]
[SourceVersionDate "2010.01.05"]
[SourceQuality "1"]

1. e4 c5 2. Nf3 e6 3. d4 cxd4 4. Nxd4 Nc6 5. Nc3 Qc7 6. Be3 a6 7. Qd2 b5 8. Be2 Bb7 9. 0-0 Nxd4 10. Bxd4 b4 11. Na4 Bxe4 12. Nb6 Rb8 13. Nc4 f6 14. Rad1 d5 15. Rfe1 dxc4 16. Bg4 Bd5 17. Bb6 Rxb6 18. Qxd5 e5 19. Bd7+ Ke7 20. Qa8 Rb8 21. Qxa6 Rb6 22. Qa8 Rb8 23. Qa6 Rb6 24. Qa8 1/2-1/2

[Event "Figueira da Foz op 6th"]
[Site "Figueira da Foz"]
[Date "2009.11.30"]
[Round "2"]
[White "Beltran Ortiz, Edda Georgina"]
[Black "Pais, Bruno Miguel Dos Sa"]
[Result "1-0"]
[WhiteElo "1901"]
[BlackElo "1712"]
[PlyCount "43"]
[EventDate "2009.11.27"]
[EventType "swiss"]
[EventRounds "9"]
[EventCountry "POR"]
[SourceTitle "CBM 133 Extra"]
[Source "ChessBase"]
[SourceDate "2010.01.05"]
[SourceVersion "1"]
[SourceVersionDate "2010.01.05"]
[SourceQuality "1"]

1. e4 c5 2. Nf3 e6 3. d4 cxd4 4. Nxd4 a6 5. Nc3 Bc5 6. Be3 Qb6 7. Na4 Qa5+ 8. c3 Ba7 9. b4 Qc7 10. b5 e5 11. b6 Bxb6 12. Nxb6 Qxb6 13. Nb5 Qc6 14. Nd6+ Kf8 15. Be2 Nf6 16. 0-0 Nxe4 17. Nxe4 Qxe4 18. Qd6+ Ke8 19. Bc5 Nc6 20. Bf3 Qg6 21. Qc7 f5 22. Bxc6 1-0

[Event "ESP-ch (Women)"]
[Site "Almansa"]
[Date "2009.07.28"]
[Round "1"]
[White "Beltran Ortiz, Edda Georgina"]
[Black "Guadamuro Torrente, Anabel"]
[Result "0-1"]
[WhiteElo "1901"]
[BlackElo "2136"]
[PlyCount "42"]
[EventDate "2009.07.28"]
[EventType "swiss"]
[EventRounds "7"]
[EventCountry "ESP"]
[SourceTitle "CBM 131 Extra"]
[Source "ChessBase"]
[SourceDate "2009.09.03"]
[SourceVersion "2"]
[SourceVersionDate "2009.09.16"]
[SourceQuality "1"]

1. e4 e5 2. Nc3 Nf6 3. g3 d5 4. exd5 Nxd5 5. Bg2 Nxc3 6. bxc3 Bc5 7. d3 0-0 8. Ne2 Nc6 9. h3 Be6 10. 0-0 Bd5 11. Bxd5 Qxd5 12. c4 Qf3 13. Rb1 Rad8 14. Rb3 f5 15. Ba3 Bxa3 16. Rxa3 Qh5 17. Kh2 f4 18. g4 Qh4 19. Rb3 Rd6 20. Ng1 Rh6 21. c3 f3 0-1

[Event "ESP-ch (Women)"]
[Site "Novetle"]
[Date "2008.08.07"]
[Round "5"]
[White "Beltran Ortiz, Edda Georgina"]
[Black "Alfonso Nogue, Beatriz"]
[Result "0-1"]
[WhiteElo "1909"]
[BlackElo "2147"]
[PlyCount "126"]
[EventDate "2008.08.03"]
[EventType "swiss"]
[EventRounds "7"]
[EventCountry "ESP"]
[SourceTitle "CBM 125 Extra"]
[Source "ChessBase"]
[SourceDate "2008.09.01"]
[SourceVersion "1"]
[SourceVersionDate "2008.09.01"]
[SourceQuality "1"]

1. e4 e5 2. Nc3 Nf6 3. g3 d5 4. exd5 Nxd5 5. Bg2 Nb6 6. d3 Nc6 7. Be3 Be7 8. Qd2 Be6 9. Nge2 0-0 10. h3 Nd5 11. Nxd5 Bxd5 12. 0-0 f5 13. f4 Bf6 14. fxe5 Bxg2 15. Kxg2 Bxe5 16. d4 Qd5+ 17. Kh2 Rad8 18. c3 Na5 19. b3 b6 20. Qc2 Bd6 21. Bf4 Rde8 22. Bxd6 Qxd6 23. Rae1 Re3 24. Nf4 Re4 25. Nd3 Nc6 26. Qf2 g6 27. Rxe4 fxe4 28. Qxf8+ Qxf8 29. Rxf8+ Kxf8 30. Nf4 Ne7 31. Ne6+ Kf7 32. Nxc7 Kf6 33. Kg2 Nf5 34. Kf2 e3+ 35. Kf3 e2 36. Kxe2 Nxg3+ 37. Kf3 Nf5 38. Nb5 a5 39. Nc7 Ne7 40. Ke4 g5 41. c4 Nc8 42. Nd5+ Ke6 43. Kf3 h5 44. Ne3 Nd6 45. d5+ Ke5 46. Nc2 Nf5 47. Na3 Nd4+ 48. Kg3 Ne2+ 49. Kf2 Nc3 50. Nc2 Nxa2 51. Ke3 Nc1 52. b4 a4 53. Na3 g4 54. hxg4 hxg4 55. Nb5 Na2 56. c5 bxc5 57. bxc5 Kxd5 58. Kf4 Kxc5 59. Na3 Kb4 60. Nb1 Nc3 61. Nd2 a3 62. Nf1 a2 63. Ne3 Kb3 0-1

[Event "Navalmoral op 13th"]
[Site "Navalmoral"]
[Date "2007.12.05"]
[Round "1"]
[White "Del Rio de Angelis, Salvador Gabriel"]
[Black "Beltran Ortiz, Edda Georgina"]
[Result "1-0"]
[WhiteElo "2512"]
[BlackElo "1921"]
[PlyCount "65"]
[EventDate "2007.12.05"]
[EventType "swiss"]
[EventRounds "9"]
[EventCountry "ESP"]
[SourceTitle "CBM 121 Extra"]
[Source "ChessBase"]
[SourceDate "2008.01.10"]
[SourceVersion "1"]
[SourceVersionDate "2008.01.10"]
[SourceQuality "1"]

1. d4 Nf6 2. c4 c5 3. e3 e6 4. Nf3 Be7 5. Nc3 0-0 6. d5 d6 7. Bd3 exd5 8. cxd5 Nbd7 9. 0-0 Ng4 10. Qc2 g6 11. Be2 f5 12. Nd2 Nde5 13. h3 Nf6 14. f4 Nf7 15. b3 Re8 16. Bb2 Bf8 17. e4 Nxe4 18. Ncxe4 fxe4 19. Bb5 Re7 20. Nxe4 Bf5 21. Nf6+ Kh8 22. Qf2 Bg7 23. g4 Be4 24. Rae1 a6 25. Bc4 b5 26. Nxe4 bxc4 27. Bxg7+ Kxg7 28. f5 gxf5 29. Qxf5 Qd7 30. Qf6+ Kg8 31. Qc3 Qd8 32. bxc4 Rb8 33. Nf6+ 1-0

[Event "ESP-ch (Women)"]
[Site "Salou"]
[Date "2006.12.10"]
[Round "1.5"]
[White "Beltran Ortiz, Edda Georgina"]
[Black "Gutierrez Castillo, Paloma"]
[Result "0-1"]
[WhiteElo "1922"]
[BlackElo "2132"]
[PlyCount "60"]
[EventDate "2006.12.10"]
[EventType "swiss"]
[EventRounds "7"]
[EventCountry "ESP"]
[SourceTitle "EXT 2024"]
[Source "ChessBase"]
[SourceDate "2023.10.10"]
[SourceVersion "1"]
[SourceVersionDate "2023.10.10"]
[SourceQuality "1"]

1. e4 e5 2. Nc3 Nf6 3. g3 c6 4. d4 Bb4 5. Bg2 Qa5 6. Nge2 d5 7. 0-0 Nxe4 8. Nxe4 dxe4 9. c3 Be7 10. dxe5 0-0 11. Qc2 Qxe5 12. Bf4 Qf6 13. Bxe4 g6 14. Rfe1 Nd7 15. Nd4 Nc5 16. Bg2 Ne6 17. Be5 Qg5 18. f4 Qh6 19. Nxc6 bxc6 20. Bxc6 Ba6 21. Bxa8 Rxa8 22. Qe4 Rc8 23. Rad1 Bc5+ 24. Kh1 Bb5 25. Rd5 Bc6 26. b4 Bf2 27. Red1 Bxg3 28. R1d2 Bxd5 29. Qxd5 Bxf4 30. Bxf4 Qxf4 0-1

[Event "ESP-chT Autonomicas"]
[Site "Padron"]
[Date "2006.10.05"]
[Round "1.2"]
[White "Camara Gil, Paula"]
[Black "Beltran Ortiz, Edda Georgina"]
[Result "0-1"]
[WhiteElo "1894"]
[BlackElo "1940"]
[PlyCount "62"]
[EventDate "2006.10.05"]
[EventType "team-swiss"]
[EventRounds "6"]
[EventCountry "ESP"]
[SourceTitle "EXT 2018"]
[Source "ChessBase"]
[SourceDate "2017.10.13"]
[SourceVersion "1"]
[SourceVersionDate "2017.10.13"]
[SourceQuality "1"]
[WhiteTeam "Euskadi"]
[BlackTeam "Galicia"]
[WhiteTeamCountry "ESP"]
[BlackTeamCountry "ESP"]

1. e4 c5 2. Nc3 Nc6 3. f4 d6 4. Nf3 e6 5. g3 g6 6. Bg2 Bg7 7. d3 Nge7 8. Be3 Nd4 9. 0-0 0-0 10. g4 f5 11. exf5 exf5 12. g5 Re8 13. h4 Be6 14. Bxd4 cxd4 15. Ne2 Qb6 16. Qd2 Nd5 17. Bh1 Rac8 18. Rfc1 Ne3 19. Kh2 Rc7 20. c3 Ng4+ 21. Kg3 dxc3 22. bxc3 Qf2+ 23. Kh3 Bd5 24. Ned4 Qxd2 25. Nxd2 Bxh1 26. Rxh1 Nf2+ 27. Kg2 Nxh1 28. Nb5 Rc5 29. Nxd6 Re2+ 30. Kxh1 Rxd2 31. Re1 Rxd3 0-1

[Event "Galicia-ch Absoluto"]
[Site "Mondariz"]
[Date "2003.04.12"]
[Round "1.5"]
[White "Outerelo Ucha, Manuel"]
[Black "Beltran Ortiz, Edda Georgina"]
[Result "1-0"]
[WhiteElo "2227"]
[BlackElo "1974"]
[PlyCount "53"]
[EventDate "2003.04.12"]
[EventType "swiss"]
[EventRounds "9"]
[EventCountry "ESP"]
[SourceTitle "EXT 2004"]
[Source "ChessBase"]
[SourceDate "2003.11.25"]
[SourceVersion "1"]
[SourceVersionDate "2003.11.25"]
[SourceQuality "1"]

1. e4 c5 2. Nf3 Nc6 3. d4 cxd4 4. Nxd4 e6 5. Nc3 Qc7 6. Be2 a6 7. 0-0 b5 8. Nxc6 Qxc6 9. e5 Bb7 10. Bf3 Qc7 11. Bxb7 Qxb7 12. Qe2 d5 13. exd6 Bxd6 14. Ne4 Be7 15. Qf3 Qb8 16. Bf4 Qc8 17. a4 b4 18. c3 bxc3 19. Rac1 c2 20. Qe2 Nf6 21. Rxc2 Qb7 22. Nd6+ Bxd6 23. Bxd6 Qd7 24. Rd1 Qxa4 25. Rc7 Nd7 26. Ba3 Rd8 27. Qd2 1-0